01683nam a2200397Ia 4500001001200000003000800012006001900020007001500039008004100054010001700095020001800112020003600130040002100166035002000187050002300207082001200230100003200242245013000274250001200404260004800416300002500464504006800489533015200557600004800709650003800757650003000795650005000825650006700875650005800942651003401000651006001034655002901094710001701123856012601140999001901266ebr10190649CaPaEBRm u cr cn|||||||||990426s2000 txua sb s001 0 eng d z 99029835  z9780292731219 z0292731213 (cloth : alk. paper) aCaPaEBRcCaPaEBR a(OCoLC)5588984614aCN535b.H43 2000eb04a9372211 aHedrick, Charles W.,d1956-10aHistory and silenceh[electronic resource] :bpurge and rehabilitation of memory in late antiquity /cCharles W. Hedrick, Jr. a1st ed. aAustin :bUniversity of Texas Press,c2000. axxvi, 338 p. :bill. aIncludes bibliographical references (p. [301]-320) and indexes. aElectronic reproduction.bPalo Alto, Calif. :cebrary,d2009.nAvailable via World Wide Web.nAccess may be limited to ebrary affiliated libraries.10aFlavianus, Virius Nicomachus,dca. 334-394. 0aInscriptions, LatinzItalyzRome. 0aPalimpsestszItalyzRome. 0aMemoryxSocial aspectszItalyzRomexHistory. 0aMonumentsxConservation and restorationzItalyzRomexHistory. 0aElite (Social sciences)zItalyzRomexHistoriography. 0aForum of Trajan (Rome, Italy) 0aRomexPolitics and governmenty284-476xHistoriography. 7aElectronic books.2local2 aebrary, Inc.40uhttp://site.ebrary.com/lib/rucke/Doc?id=10190649zAn electronic book accessible through the World Wide Web; click to view c147611d147611